[Event "Winnipeg Boardman Memorial"]
[Site "Winnipeg"]
[Date "2016.04.19"]
[Round "3"]
[White "Rutter, Blair A"]
[Black "Le Dorze, Philippe"]
[Result "0-1"]
[WhiteElo "1948"]
[BlackElo "1817"]
[PlyCount "108"]
[EventDate "2016.04.05"]
[EventType "swiss"]
[EventRounds "4"]
[EventCountry "CAN"]
[SourceTitle "EXT 2022"]
[Source "ChessBase"]
[SourceDate "2021.10.06"]
[SourceVersion "1"]
[SourceVersionDate "2021.10.06"]
[SourceQuality "1"]

1. c4 Nf6 2. g3 e6 3. Bg2 d5 4. d4 c6 5. c5 Nbd7 6. Nc3 e5 7. e3 Be7 8. Nge2 0-0 9. 0-0 Re8 10. b4 Bf8 11. Rb1 exd4 12. exd4 Ne4 13. Nxe4 dxe4 14. Nc3 f5 15. d5 cxd5 16. Qxd5+ Kh8 17. Rd1 Qf6 18. Bb2 Ne5 19. a3 Qf7 20. Qd2 Be6 21. Nb5 Nd3 22. Ba1 Red8 23. Qe3 Ba2 24. Rbc1 Nxc1 25. Rxc1 Rd3 26. Qf4 Rad8 27. Nd6 Bxd6 28. cxd6 R3xd6 29. h4 Rd1+ 30. Kh2 Rxc1 31. Qxc1 Bb3 32. Qg5 Rd1 33. Be5 h6 34. Qxh6+ Kg8 35. Qg5 Rd5 36. Bf4 Bd1 37. Bf1 Bb3 38. Be2 Qf6 39. Qh5 g6 40. Qh6 Rd7 41. Be3 Rh7 42. Qf4 a6 43. Kg2 Rd7 44. Qb8+ Qd8 45. Qe5 Qe7 46. Qc3 Bd5 47. Kh2 Bc6 48. Bc5 Qg7 49. Bc4+ Kh7 50. Qe3 g5 51. hxg5 Kg6 52. Be2 Qh8+ 53. Kg1 Rh7 54. Bf3 Qa1+ 0-1

[Event "Winnipeg Boardman Memorial"]
[Site "Winnipeg"]
[Date "2016.04.05"]
[Round "1"]
[White "Rutter, Blair A"]
[Black "Marshall, Ken"]
[Result "1-0"]
[WhiteElo "1948"]
[BlackElo "1324"]
[PlyCount "85"]
[EventDate "2016.04.05"]
[EventType "swiss"]
[EventRounds "4"]
[EventCountry "CAN"]
[SourceTitle "EXT 2022"]
[Source "ChessBase"]
[SourceDate "2021.10.06"]
[SourceVersion "1"]
[SourceVersionDate "2021.10.06"]
[SourceQuality "1"]

1. c4 e5 2. Nc3 f5 3. g3 Nc6 4. Bg2 Nf6 5. d3 Bb4 6. Nh3 h6 7. 0-0 Qe7 8. e3 d6 9. Qa4 Bd7 10. Bxc6 Bxc3 11. Bxd7+ Nxd7 12. bxc3 a6 13. d4 0-0-0 14. Rb1 h5 15. Qb3 b6 16. f4 h4 17. Ng5 hxg3 18. hxg3 exf4 19. gxf4 Rh4 20. Qd1 Nf6 21. Qf3 Rdh8 22. Kf2 Ng4+ 23. Ke1 Nh2 24. Qd5 Nxf1 25. Qxf5+ Kb8 26. Kxf1 Rh1+ 27. Ke2 R8h2+ 28. Kf3 Rxa2 29. c5 Ra5 30. cxd6 Rxf5 31. dxe7 Rh8 32. Ba3 Ra5 33. Bb4 Rb5 34. c4 Rf5 35. e4 Rf6 36. d5 c6 37. e5 Rfh6 38. d6 c5 39. Bxc5 Rc8 40. Rxb6+ Ka8 41. d7 Rch8 42. d8Q+ Rxd8 43. exd8Q+ 1-0

[Event "Winnipeg TNT February op"]
[Site "Winnipeg"]
[Date "2016.02.02"]
[Round "1.4"]
[White "Rutter, Blair A"]
[Black "Skop, Mike"]
[Result "1-0"]
[WhiteElo "1940"]
[BlackElo "1567"]
[PlyCount "95"]
[EventDate "2016.02.02"]
[EventType "swiss"]
[EventRounds "4"]
[EventCountry "CAN"]
[SourceTitle "EXT 2022"]
[Source "ChessBase"]
[SourceDate "2021.10.06"]
[SourceVersion "1"]
[SourceVersionDate "2021.10.06"]
[SourceQuality "1"]

1. c4 e5 2. g3 d5 3. Bg2 c6 4. Qb3 dxc4 5. Qxc4 Be6 6. Qc2 Nf6 7. Nc3 Be7 8. d3 Nd5 9. Nf3 f6 10. 0-0 Nb4 11. Qd1 0-0 12. a3 N4a6 13. b4 Qd7 14. Be3 Bh3 15. d4 Bxg2 16. Qb3+ Kh8 17. Kxg2 e4 18. Nxe4 Qd5 19. Qxd5 cxd5 20. Nc3 Rd8 21. Rac1 Nc7 22. Rc2 Nd7 23. Rfc1 Nb6 24. Nd2 Ne8 25. Nb5 a6 26. Nc7 Nxc7 27. Rxc7 Rac8 28. Bf4 g5 29. Be3 Bd6 30. Rxc8 Rxc8 31. Rxc8+ Nxc8 32. Nb3 b6 33. Kf3 Kg7 34. Bd2 Kf7 35. e4 Ke6 36. Ke3 dxe4 37. Kxe4 f5+ 38. Kd3 Be7 39. a4 f4 40. a5 h5 41. gxf4 gxf4 42. axb6 Nxb6 43. Nc5+ Bxc5 44. dxc5 Nd5 45. Kc4 Ke5 46. Bc1 Ke4 47. c6 h4 48. Kc5 1-0

[Event "Winnipeg Mundwiler Memorial"]
[Site "Winnipeg"]
[Date "2015.10.13"]
[Round "2"]
[White "Rutter, Blair A"]
[Black "Einarsson, Ken"]
[Result "1-0"]
[WhiteElo "1937"]
[BlackElo "1773"]
[PlyCount "47"]
[EventDate "2015.10.06"]
[EventType "swiss"]
[EventRounds "4"]
[EventCountry "CAN"]
[SourceTitle "EXT 2022"]
[Source "ChessBase"]
[SourceDate "2021.10.06"]
[SourceVersion "1"]
[SourceVersionDate "2021.10.06"]
[SourceQuality "1"]

1. c4 c6 2. d4 d5 3. c5 Nf6 4. Nc3 Bf5 5. Nf3 h6 6. h3 e6 7. Bf4 Be7 8. e3 0-0 9. b4 Ne4 10. Nxe4 Bxe4 11. Bd3 a5 12. b5 cxb5 13. Bxb5 Nc6 14. a3 Bf6 15. 0-0 g5 16. Bd6 Re8 17. Nd2 Bg6 18. Be2 b6 19. Rc1 Rc8 20. Bh5 bxc5 21. Bxg6 fxg6 22. dxc5 Bb2 23. Qc2 Bxc1 24. Qxg6+ 1-0

[Event "Winnipeg September TNT"]
[Site "Winnipeg"]
[Date "2015.09.01"]
[Round "1.5"]
[White "Leaden, Bruce"]
[Black "Rutter, Blair A"]
[Result "0-1"]
[WhiteElo "1535"]
[BlackElo "1924"]
[PlyCount "50"]
[EventDate "2015.09.01"]
[EventType "swiss"]
[EventRounds "5"]
[EventCountry "CAN"]
[SourceTitle "EXT 2019"]
[Source "ChessBase"]
[SourceDate "2018.10.10"]
[SourceVersion "1"]
[SourceVersionDate "2018.10.10"]
[SourceQuality "1"]

1. e4 e6 2. d4 d5 3. e5 c5 4. c3 Nc6 5. Nf3 Bd7 6. Be2 Rb8 7. a4 a6 8. 0-0 Qb6 9. dxc5 Bxc5 10. b4 Bf8 11. a5 Qc7 12. Re1 Nge7 13. Na3 Ng6 14. Bd3 Ncxe5 15. Nxe5 Nxe5 16. Bf4 Bd6 17. Rc1 Nxd3 18. Bxd6 Qxd6 19. Qxd3 0-0 20. Qd4 Rbc8 21. Re3 Rc7 22. c4 Qxb4 23. Rg3 f6 24. Rxg7+ Kxg7 25. Qg4+ Kh8 0-1

[Event "Winnipeg TNT September op"]
[Site "Winnipeg"]
[Date "2015.07.09"]
[Round "3.4"]
[White "Rutter, Blair A"]
[Black "Wiebe, Isaac"]
[Result "0-1"]
[WhiteElo "2019"]
[BlackElo "1654"]
[PlyCount "185"]
[EventDate "2014.09.09"]
[EventType "swiss"]
[EventRounds "4"]
[EventCountry "CAN"]
[SourceTitle "EXT 2022"]
[Source "ChessBase"]
[SourceDate "2021.10.06"]
[SourceVersion "1"]
[SourceVersionDate "2021.10.06"]
[SourceQuality "1"]

1. c4 Nf6 2. g3 g6 3. Bg2 Bg7 4. Nc3 0-0 5. e4 d6 6. Nge2 Nbd7 7. 0-0 c6 8. h3 Rb8 9. Rb1 Qc7 10. Kh2 b5 11. cxb5 cxb5 12. b4 a5 13. a3 Ne5 14. f4 Nd3 15. Qc2 axb4 16. Qxd3 bxc3 17. Nxc3 Be6 18. Qe3 Rfc8 19. Bb2 b4 20. axb4 Rxb4 21. Ba3 Rxb1 22. Rxb1 Nd7 23. Nb5 Qa5 24. Bf1 Rc2 25. Bb4 Qa2 26. Rd1 Bb3 27. Nd4 Bxd4 28. Qxd4 Nc5 29. Ra1 Ne6 30. Rxa2 Nxd4 31. Ra8+ Kg7 32. Bc3 e5 33. Kg2 Kf6 34. Rb8 Be6 35. Rb6 Ke7 36. Bb4 Nc6 37. Bc3 Nd4 38. Bd3 Rc1 39. Bb4 Rc6 40. Rb7+ Kf6 41. Bc3 Nb3 42. g4 Nc5 43. fxe5+ dxe5 44. Bb5 Rc8 45. Ra7 Nxe4 46. Bb4 Nc5 47. Bc3 Rd8 48. Bb4 Rc8 49. Bc3 Bd5+ 50. Kg1 h5 51. gxh5 gxh5 52. Be2 Ne4 53. Ra6+ Be6 54. Ba5 Rg8+ 55. Kh2 Kg5 56. d3 Nf2 57. Bd2+ Kg6 58. h4 Ng4+ 59. Kg3 Kf5 60. Ra5 Nf6+ 61. Kf2 Ng4+ 62. Ke1 Rd8 63. Bc3 Rd5 64. Ra4 Rc5 65. Bd2 f6 66. Bf3 Bd5 67. Be4+ Bxe4 68. dxe4+ Kg6 69. Ke2 Rb5 70. Ra8 Rb2 71. Ra6 Kf7 72. Kd3 Rb3+ 73. Bc3 Nf2+ 74. Kc4 Rb1 75. Ra7+ Kg6 76. Kd5 Rd1+ 77. Ke6 Nxe4 78. Bb4 Rb1 79. Bf8 Rb6+ 80. Kd5 Kf5 81. Rh7 Ng3 82. Rh6 e4 83. Kd4 Rc6 84. Bc5 Re6 85. Ke3 Kg4 86. Kf2 Nf5 87. Rh8 e3+ 88. Ke2 Ng3+ 89. Ke1 e2 90. Rg8+ Kxh4 91. Bf2 f5 92. Rxg3 Re4 93. Re3+ 0-1